书目信息 |
| 题名: |
超级记忆术
|
|
| 作者: | 徐谦 编著 | |
| 分册: | ||
| 出版信息: | 沈阳 辽海出版社 2019.03 |
|
| 页数: | 211页 | |
| 开本: | 20cm | |
| 丛书名: | ||
| 单 册: | ||
| 中图分类: | B842.3 | |
| 科图分类: | ||
| 主题词: | 心理过程 , 心理状态 | |
| 电子资源: | ||
| ISBN: | 978-7-5451-5248-7 | |
| 000 | 00937nam0 2200217 450 | |
| 001 | 2433555434 | |
| 005 | 20241108092118.02 | |
| 010 | @a978-7-5451-5248-7@dCNY68.00 | |
| 100 | @a20241108d2019 km y0chiy0120 ea | |
| 101 | 0 | @achi |
| 102 | @aCN@b210000 | |
| 200 | 1 | @a超级记忆术@AChao Ji Ji Yi Shu@f徐谦编著@FXu Qian Bian Zhu |
| 210 | @a沈阳@c辽海出版社@d2019.03 | |
| 215 | @a211页@d20cm | |
| 330 | @a为了帮助读者开发大脑潜能、改善记忆力状况、快速获得提高记忆力的方法, 本书在综合了记忆领域研究成果的基础上, 解释了记忆的复杂机制, 系统地阐述了记忆力的形成、保持、再现以及遗忘等记忆活动的规律特点, 深入探讨了影响记忆力的因素, 并介绍了包括联系法、位置法、机械学习、线路记忆、记忆地图、外部暗示法、感官记忆法、图像记忆法、逻辑推理法等多种有利于提高学习成绩的方法。 | |
| 606 | 0 | @a心理过程 |
| 606 | 0 | @a心理状态 |
| 690 | @aB842.3@v4 | |
| 701 | 0 | @a徐谦@AXu Qian@4编著 |
| 801 | 0 | @aCN@b河南城建学院图书馆@c20241108 |
| 905 | @dB842.3@eX785 | |
| 超级记忆术/徐谦编著.-沈阳:辽海出版社,2019.03 |
| 211页;20cm |
| ISBN 978-7-5451-5248-7:CNY68.00 |
| 为了帮助读者开发大脑潜能、改善记忆力状况、快速获得提高记忆力的方法, 本书在综合了记忆领域研究成果的基础上, 解释了记忆的复杂机制, 系统地阐述了记忆力的形成、保持、再现以及遗忘等记忆活动的规律特点, 深入探讨了影响记忆力的因素, 并介绍了包括联系法、位置法、机械学习、线路记忆、记忆地图、外部暗示法、感官记忆法、图像记忆法、逻辑推理法等多种有利于提高学习成绩的方法。 |
| ● |
| 相关链接 |
|
|
|
正题名:超级记忆术
索取号:B842.3/X785
 
预约/预借
| 序号 | 登录号 | 条形码 | 馆藏地/架位号 | 状态 | 备注 |
| 1 | 1553428 | 215534287 | 社科库509/509社科库 36排1列6层/ [索取号:B842.3/X785] | 在馆 |